000
00294nam a22001337a 4500
008
181002b xxu||||| |||| 00| 0 eng d
020
_a
0300045891
041
_a
eng
080
_a
159.9
100
_a
49
101
_a
PSI
245
_a
The Psychology of Love
_c
Sternberg,R.J
942
_2
udc
_c
BK
999
_c
48785
_d
48785